000 00295nam a22001217a 4500
005 20230722114305.0
008 230722b ||||| |||| 00| 0 eng d
040 _cAL
041 _aeng
245 _aStudy on the impact of institutionalisation on the aged
260 _c2003
942 _2ddc
_cBK
999 _c228080
_d228080